Cuba la oculta: vida cotidiana, comunicación y cultura

Gespeichert in:
Bibliographische Detailangaben
1. Verfasser: Horvath, Ricardo
Format: Text
Veröffentlicht: La Habana: Unión de Periodistas de Cuba
Tags: Tag hinzufügen
Keine Tags, Fügen Sie den ersten Tag hinzu!

MARC

LEADER 00000 a a2200000 04500
001 23924
003
040
090 |a 169000  
100 |a Horvath, Ricardo  
245 |a Cuba la oculta: vida cotidiana, comunicación y cultura  
260 |a La Habana:   |b Unión de Periodistas de Cuba  
300 |a 199 p.  
999 |c 17493  |d 17493